000 00788cam a2200229 4500
001 WB3614-04
008 000000n2000 000 0 eng u
035 _a(Sirsi) u105219
245 _aProject database
260 _c2000
490 _aBuilding
_v265(8130) 31 March 2000, 19(1)
520 _aBalfour Beatty are to create an internet-based database which will allow their staff to obtain information on past jobs from colleagues or consultants. It is hoped that the system will help to increase productivity.
590 _aWB
650 _aBALFOUR BEATTY
650 _aDATABASES
650 _aINTERNET
650 _aPROJECT INFORMATION
650 _aCONSTRUCTION PROJECTS
650 _aKNOWLEDGE MANAGEMENT
690 _aBUILDING AND CONSTRUCTION-MANAGEMENT
942 _n0
999 _c63096
_d63096